| 000 | 00690nam a2200253Ia 4500 | ||
|---|---|---|---|
| 003 | OSt | ||
| 005 | 20221002051833.0 | ||
| 006 | a|||||r|||| 00| 0 | ||
| 007 | ta | ||
| 008 | 220930b |||||||| |||| 00| 0 eng d | ||
| 024 | _a36408 | ||
| 037 | _cReference Collections | ||
| 040 |
_aCRL _cCRL _beng |
||
| 041 |
_2eng _aeng |
||
| 082 | _aNA44,J, M1(RR) | ||
| 100 |
_aGrover Satish _952376 |
||
| 245 | 0 |
_aArchitecture of India _b Islamic 727-1707 A D |
|
| 260 |
_aNew Delhi _bVikas _c1981 |
||
| 300 |
_axv, 221p _ccm. |
||
| 650 | _a ARTS | ||
| 650 | _aARCHITECTURE | ||
| 942 |
_hNA44,J, M1(RR) _cref _2CC |
||
| 999 |
_c918000 _d918000 |
||